10 Najwartościowszych Kolumbijczyków - Statystyki

Ogólne statystyki
  • Ten quiz został rozwiązany 42 razy
  • Średni wynik to 4 z 10
Statystyki odpowiedzi
Wartość Piłkarz % Poprawnych
32 mln Rodriguez
89%
14,5 mln Cuadrado
76%
20 mln Mina
68%
48 mln Sanchez
61%
36 mln Zapata
45%
15 mln Muriel
32%
12 mln Arias
26%
20 mln Lerma
18%
16 mln Barrios
3%
12 mln Morelos
0%
Nie znaleziono quizów pasujących do podanych kryteriów
Rozkład punktacji
Procent ludzi z każdym wynikiem
Percentyl według liczby udzielonych odpowiedzi
Twoja historia wyników
Nie rozwiązałeś tego quizu